000 01010nam a2200265 a 4500
001 BRCA_3713
005 20190320204408.0
008 960328s1995----mx-a---##b---s001-0bspa-#
020 _a9681647998 (t.1)
041 _aspa
044 _amx
050 4 _aF1234.C3
_b.M33 1995
100 1 _aMacías Richard, Carlos
_d1958-
_99665
245 1 0 _aVida y temperamento
_bPlutarco Elías Calles, 1877-1920
_cCarlos Macías Richard.
260 _aMéxico
_bInstituto Sonorense de Cultura : Fideicomiso Archivos Plutarco Elías Calles y Fernando Torreblanca : Fondo de Cultura Económica
_c1995
300 _a350 p.
_bil.
_c22 cm.
440 0 _aVida y pensamiento de México
_99548
500 _aIncluye índice analítico
504 _aBibliografía: p. 319-327
600 1 4 _aCalles, Plutarco Elías
_d1877-1945
_vBiografía
_99666
650 1 4 _aPresidentes
_vBiografía
_zMéxico
_94777
651 4 _aMéxico
_xHistoria
_y1867-1910
_94778
651 4 _aMéxico
_xHistoria
_yRevolución, 1910-1920
_94975
942 _2lcc
_cB
999 _c3443
_d3443